Państwa Światowe bez liter P, O, L, S, K, A - Statystyki

Ogólne statystyki
  • Ten quiz został rozwiązany 19 razy
    16 od ostatniego zresetowania
  • Średni wynik to 7 z 14
Statystyki odpowiedzi
Kontynent Odpowiedź % Poprawnych
Azja Chiny
77%
Oceania Fidżi
77%
Europa Czechy
69%
Europa Węgry
62%
Azja Indie
54%
Azja Jemen
54%
Europa Niemcy
54%
Afryka Benin
46%
Azja Brunei
38%
Afryka Burundi
38%
Afryka Niger
38%
Afryka Dżibuti
31%
Ameryka Płn. Bermudy
15%
Oceania Niue
0%
Nie znaleziono quizów pasujących do podanych kryteriów
Rozkład punktacji
Procent ludzi z każdym wynikiem
Percentyl według liczby udzielonych odpowiedzi
Twoja historia wyników
Nie rozwiązałeś tego quizu od ostatniego zresetowania